000 00695nam a2200217 u 4500
001 000002036
005 20240412074159.0
008 090630s2005 dr r 000 0 spa d
020 _a9993494682
040 _aDO-SdBNP
_bspa
_cBNPHU
082 _aRD861.44
_bL864a
100 1 _aLópez Cabral, Dionisio,
_d1956-
_96569
245 1 0 _aAlegoría vital /
_cDionisio López Cabral.
260 _aSan Francisco de Macorís :
_bÁngeles de Fierro,
_c2005.
300 _a74 p. ;
_c19 cm.
500 _aIncluye datos biográficos de autor
590 _aInventariado, 2018/LP
650 0 _aPoesía dominicana
_966
650 0 _aLiteratura dominicana.
_967
910 _aValidado. Control de calidad MMOLINA
999 _c1901
_d1901